| 000 | 00923cam a2200157ua 4500 | ||
|---|---|---|---|
| 041 |
_aeng _h |
||
| 082 |
_a666.9 _bIND/SP |
||
| 110 | 1 |
_aIndian Standards Institution . _b _c(New Delhi ) |
|
| 245 |
_aSpecification of vibration machine / _cIndian Standards Institution. _hTextual Documents |
||
| 250 |
_a1 / _b. |
||
| 260 |
_aNew Delhi : _bIndian Standards Institution , _c1982. |
||
| 300 | _a11 ; . | ||
| 504 | _a | ||
| 942 | _cBK | ||
| 999 |
_c7056 _d7056 |
||